Statistics for Call of Duty Black Ops Trivia

Click here to take the quiz!

General Stats

  • This quiz has been taken 126 times
  • The average score is 15 of 35

Answer Stats

HintAnswer% Correct
"War" occuring during Black Ops ICold War
88%
Main Protagonist of Black Ops IAlex Mason
86%
Good Friend of Above, thought to be deadFrank Woods
79%
Returning Soviet Soldier from WaW, killed in prisonVIktor Reznov
74%
CIA Operative, Later InterrigatorJason Hudson
68%
Protagonist is sent to Cuba to kill this manFidel Castro
65%
Year Black Ops: II takes place2025
59%
Nazi Scientist, eventually helps AntagonistFriedrich Steiner
58%
Good Friend of Protagonist, later killed by VietcongJoseph Bowman
51%
Chemical Weapon designed by Nazis, used by USSRNova 6
49%
Prison where Protagonist is sent toVorkuta
48%
Drug Cartel Kingpin, wants revenge for his sufferingRaul Menendez
47%
Created a Broadcast System and Chemical Weapon ProjectNikita Dragovich
46%
Right Hand man of above, though to have diedLev Kravchenko
44%
Mysterious, head-implanted broadcast systemNumbers
44%
Black ops II and Cold War are the only games to have multiple:Endings
43%
Death of certain family member, cause of his sufferingHis Sister
42%
Son of Black Ops I Protagonist, now main ProtagonistDavid "Section" Mason
41%
Main Protagonist of Black Ops: Cold WarBell
40%
CIA Operative, Soviet defectorGrigori Weaver
39%
Country where Kingpin is fromNicaragua
38%
CIA Operative, who implants memories in ProtagonistRussell Adler
34%
This Panamanian Dictator helps KingpinManuel Noriega
33%
Rogue Soviet spy, wishes to see the West nukedPerseus
32%
Kingpin is captured and sent to this Carrier: USS _____Obama
29%
Ship where last Mission takes PlaceRusalka
29%
International anarchic organization run by KingpinCordis Die
26%
Good Friend of ProtagonistMike Harper
26%
Navy SEAL, betrays protagonistJavier Salazar
23%
Codename for woman that can stop VirusKarma
20%
Ornament used by Kingpin to kill peopleNecklace
18%
Arabian CIA Operative, Organization informantFarid
15%
Translation of organization in English: _____ DayHeart
13%
This rare element can hack computers with a virusCelerium
12%
High Ranking KGB Officer, CIA informantDimitri Belikov
11%

Score Distribution

Percentile by Number Answered

Percent of People with Each Score

Your Score History

You have not taken this quiz